Countries of the World Quiz in 60 Seconds - Statistics

General Stats
  • This quiz has been taken 4,984 times
  • The average score is 21 of 196
Answers on the Map
Answers color-coded by a green-red scale on the quiz's map according to % correct below.
 
Answer Stats
Country % Correct
United States
80%
Canada
70%
Russia
64%
China
60%
Mexico
58%
United Kingdom
56%
Brazil
53%
France
51%
Spain
45%
Australia
44%
India
44%
Germany
38%
Japan
34%
Italy
33%
Argentina
30%
Chile
30%
Norway
29%
Portugal
29%
Sweden
29%
Finland
28%
Ireland
28%
Iceland
26%
Peru
25%
Denmark
24%
Ukraine
23%
Egypt
21%
Iran
20%
Niger
20%
Poland
20%
United Arab Emirates
19%
Iraq
18%
South Africa
18%
Colombia
17%
Cuba
17%
New Zealand
17%
Democratic Republic of the Congo
16%
Mongolia
16%
South Korea
16%
Austria
15%
Bolivia
15%
Nigeria
15%
Algeria
14%
Chad
14%
Dominican Republic
14%
North Korea
14%
Oman
14%
Pakistan
14%
Panama
14%
Turkey
14%
Greece
13%
Libya
13%
Morocco
13%
Belgium
12%
Yemen
12%
Haiti
11%
Indonesia
11%
Republic of the Congo
11%
Saudi Arabia
11%
Vietnam
11%
Central African Republic
10%
Laos
10%
Mali
10%
Nepal
10%
Sudan
10%
Thailand
10%
Uruguay
10%
Ecuador
9%
Fiji
9%
Jamaica
9%
Netherlands
9%
Paraguay
9%
Venezuela
9%
Albania
8%
Ghana
8%
Guatemala
8%
Israel
8%
Bahamas
7%
Belarus
7%
Costa Rica
7%
Estonia
7%
Honduras
7%
Kazakhstan
7%
Kenya
7%
Latvia
7%
Madagascar
7%
Romania
7%
Serbia
7%
Sri Lanka
7%
Switzerland
7%
Syria
7%
Afghanistan
6%
Andorra
6%
Belize
6%
Bhutan
6%
Cambodia
6%
Croatia
6%
Dominica
6%
Lebanon
6%
Lithuania
6%
Malaysia
6%
Malta
6%
Papua New Guinea
6%
Qatar
6%
Somalia
6%
Taiwan
6%
Togo
6%
Tunisia
6%
Angola
5%
Benin
5%
Bosnia and Herzegovina
5%
Bulgaria
5%
Guyana
5%
Hungary
5%
Jordan
5%
Kosovo
5%
Myanmar
5%
Nauru
5%
Nicaragua
5%
Philippines
5%
Samoa
5%
Suriname
5%
Tonga
5%
Tuvalu
5%
Vatican City
5%
Bahrain
4%
Czech Republic
4%
El Salvador
4%
Ethiopia
4%
Guinea
4%
Kuwait
4%
Monaco
4%
Namibia
4%
Palau
4%
Senegal
4%
Singapore
4%
Slovakia
4%
Slovenia
4%
South Sudan
4%
Vanuatu
4%
Zambia
4%
Armenia
3%
Bangladesh
3%
Botswana
3%
Cameroon
3%
Cyprus
3%
Gabon
3%
Gambia
3%
Georgia
3%
Liberia
3%
Luxembourg
3%
Malawi
3%
San Marino
3%
Tanzania
3%
Uganda
3%
Antigua and Barbuda
2%
Azerbaijan
2%
Barbados
2%
Brunei
2%
Eritrea
2%
Federated States of Micronesia
2%
Kiribati
2%
Montenegro
2%
North Macedonia
2%
Saint Kitts and Nevis
2%
Saint Lucia
2%
Trinidad and Tobago
2%
Uzbekistan
2%
Zimbabwe
2%
Burkina Faso
1%
Burundi
1%
Cape Verde
1%
Comoros
1%
Djibouti
1%
East Timor
1%
Eswatini
1%
Grenada
1%
Guinea-Bissau
1%
Ivory Coast
1%
Lesotho
1%
Liechtenstein
1%
Maldives
1%
Mauritania
1%
Moldova
1%
Mozambique
1%
Rwanda
1%
Saint Vincent and the Grenadines
1%
São Tomé and Príncipe
1%
Solomon Islands
1%
Tajikistan
1%
Turkmenistan
1%
Equatorial Guinea
0%
Kyrgyzstan
0%
Marshall Islands
0%
Mauritius
0%
Seychelles
0%
Sierra Leone
0%
No matching quizzes found
Score Distribution
Percent of People with Each Score
Percentile by Number Answered
Your Score History
You have not taken this quiz